000 00435nam a2200157 i 4500
001 32517
003 ES-MaACL
005 20230906154603.0
007 t|
008 030131s1970 sp ||||1| spa d
100 1 _aBernis Carne, Alberto.
_928348
245 1 0 _aCuentos breves y sugestivos /
_cAlberto Bernis Carne.
260 _aBarcelona :
_bPeƱiscola,
_c1970.
300 _a113 p. ;
_c20 cm.
852 _aES-MaACL
_jC-49474
_bR.77596
999 _c32517
_d32517